000 00730cam a22002532 4500
001 3701
003 UkOxU
005 20211208233755.0
008 131219s1968 enkabf b 001 0 eng
020 _a0571085830
035 _aOCLC ocm00017702 from D971113M
040 _aDLC
_cDLC
_dUKM
_dEQO
_beng
041 _aeng
082 _a581.509153
_bWHG
100 1 _aWhyte, R. O.
_q(Robert Orr),
_d1903-
_911752
245 1 0 _aGrasslands of the monsoon /
_c[by] R. O. Whyte.
260 _aLondon :
_bFaber,
_c1968.
300 _a3-325 p.
_b14 plates, illus., maps, index.
_c23 cm.
504 _aBibliography: p. 287-299.
650 0 _aGrasslands.
_911753
942 _2ddc
_cBK
999 _c3701
_d3701